000 00377nam a2200157Ia 4500
008 230917s9999||||xx |||||||||||||| ||und||
040 _e80898
_aMAIN
041 _aEnglish
082 _a346.022 M91M
100 _aMulla
245 0 _aMulla on the Indian contract act
250 _a11th ed.
260 _aBombay
_bN M Tripathi
_c1992
300 _axliii, 340 p.
942 _cBK
999 _c70467
_d70467